| 000 | 01015cam a2200289 a 4500 | ||
|---|---|---|---|
| 001 | 1561583 | ||
| 003 | ARRUPE | ||
| 005 | 20150520140833.0 | ||
| 008 | 921023s1993 nyu b 001 0 eng | ||
| 010 | _a 92038864 | ||
| 020 | _a0195081099 (alk. paper) | ||
| 040 |
_aDLC _cDLC _dDLC |
||
| 050 | 0 | 0 |
_aBD220 _b.M67 1993 |
| 082 | 0 | 0 |
_a121 _220 |
| 100 | 1 |
_aMoser, Paul K., _d1957- _92239 |
|
| 245 | 1 | 0 |
_aPhilosophy after objectivity : _bmaking sense in perspective / _cPaul K. Moser. |
| 260 |
_aNew York : _bOxford University Press, _c1993. |
||
| 300 |
_axii, 267 p. ; _c24 cm. |
||
| 504 | _aIncludes bibliographical references (p. 239-252) and index. | ||
| 650 | 0 |
_aObjectivity. _917123 |
|
| 650 | 0 |
_aRealism. _911315 |
|
| 650 | 0 |
_aRelativity. _917124 |
|
| 650 | 0 |
_aPerspective (Philosophy) _917125 |
|
| 906 |
_a7 _bcbc _corignew _d1 _eocip _f19 _gy-gencatlg |
||
| 942 |
_2lcc _cMONOGRAPH |
||
| 999 |
_c122642 _d122642 |
||